000 00663nam a22002177a 4500
003 UA-OsUOA
001 72490
007 ta
008 20110118b un ||||| |||| 00| 0 ukr d
100 _aЮшко С.В.
090 _a330(477)
_bЮ96
942 _cSA
040 _aUA-OsUOA
_bukr
_cUA-OsUOA
_dUA-OsUOA
245 _aПроблеми оподаткування заробітної плати в Україні: ретроспективний аналіз
300 _aС.21-32
955 _a0
041 _aukr
080 _a330(477)
773 0 _w72488
_tФінанси України
_dК.
_d2010
_g12
650 7 _a330 Економіка взагалі
_2UDC
999 _c358799
_d358799